[Event "World Team-ch Open 2019"]
[Site "Astana"]
[Date "2019.03.08"]
[Round "4.5"]
[White "Adhiban, B.."]
[Black "Ding, Liren"]
[Result "1/2-1/2"]
[WhiteElo "2683"]
[BlackElo "2812"]
[Annotator "TA"]
[PlyCount "100"]
[EventDate "2019.02.05"]
[EventType "team-tourn"]
[EventCountry "KAZ"]
[SourceTitle "playchess.com"]
[Source "ChessBase"]
[SourceQuality "1"]
[WhiteTeam "India"]
[BlackTeam "China"]
[WhiteTeamCountry "IND"]
[BlackTeamCountry "CHN"]

{[%evp 26,100,20,10,20,0,0,0,1,2,14,10,11,0,0,0,0,0,0,0,0,0,0,0,0,0,3,8,8,0,8,0,5,4,4,4,25,32,26,25,25,30,35,0,0,0,0,0,0,0,0,-32,-30,-29,-31,-30,-31,-30,-30,-30,-30,-31,-32,-50,-16,-19,-19,-30,-30,-29,-29,-43,-43,-43,-43,-43,-38]} 1. d4 Nf6 2. c4 e6 3. Nf3 d5 4. Nc3 c5 5. cxd5 Nxd5 6. e4 Nxc3 7. bxc3 cxd4 8. cxd4 Bb4+ 9. Bd2 Bxd2+ 10. Qxd2 O-O 11. Bc4 Nd7 12. O-O b6 13. Rad1 Bb7 14. Rfe1 Rc8 {D41: Queen's Gambit Declined: Semi-Tarrasch with 5 cxd5} 15. Bb3 Re8 16. h3 Nf6 {The position is equal.} 17. Qf4 Nh5 18. Qh2 h6 19. h4 {[#]} (19. d5 exd5 20. e5 g6 21. Nd4 Ng7 22. Nb5 {½-½ (54) Mamedyarov,S (2820)-Ding,L (2804) Batumi 2018}) 19... a5 $146 ({Predecessor:} 19... Nf6 20. d5 exd5 {0-1 (58) Gozzoli,Y (2598)-Bogner,S (2588) Le Castella 2018}) 20. g4 Nf6 21. Qf4 b5 {[#] Strongly threatening ...a4.} 22. Ne5 Rc7 {And now ...a4 would win.} 23. a4 bxa4 24. Bxa4 {Black must now prevent g5.} Rf8 25. f3 Qd6 {next ...Rc4! is good for Black.} 26. Ng6 Qxf4 27. Nxf4 Rc4 28. Bb3 Rc3 29. Rd3 Rfc8 30. Rb1 Ba6 31. Rxc3 Rxc3 32. Kf2 g5 33. hxg5 hxg5 34. Nxe6 Bd3 35. Rb2 a4 36. Bxa4 fxe6 37. Rb6 Kf7 38. Bb3 Bc4 39. Rb7+ Kg6 40. Bxc4 Rxc4 $15 {[%mdl 4096] Endgame KRN-KR} 41. Rb6 Kf7 42. Rb7+ Kf8 43. Ke3 Rc3+ 44. Ke2 Rc6 45. Rb5 Nh7 46. d5 exd5 47. Rxd5 Kg7 48. f4 gxf4 {[#] ...Rc3 is the strong threat.Black is slightly better.} 49. Kf3 Nf6 50. Rg5+ Kf7 {Accuracy: White = 74%, Black = 77%.} 1/2-1/2

[Event "World Team-ch Open 2019"]
[Site "Astana"]
[Date "2019.03.08"]
[Round "4.6"]
[White "Yu, Yangyi"]
[Black "Ganguly, Surya Shekhar"]
[Result "0-1"]
[WhiteElo "2761"]
[BlackElo "2633"]
[Annotator "TA"]
[PlyCount "132"]
[EventDate "2019.02.05"]
[EventType "team-tourn"]
[EventCountry "KAZ"]
[SourceTitle "playchess.com"]
[Source "ChessBase"]
[SourceQuality "1"]
[WhiteTeam "China"]
[BlackTeam "India"]
[WhiteTeamCountry "CHN"]
[BlackTeamCountry "IND"]

{[%evp 25,132,-8,-9,-6,0,0,0,0,0,0,2,0,24,19,10,18,10,14,20,-54,-60,-463,-432,-436,-224,-225,-214,-210,0,-70,0,-231,-169,-217,-204,-228,-201,-194,0,-184,0,-192,-187,-150,-68,-173,-55,-59,0,-159,-66,-283,0,0,0,-245,-264,-347,-191,-202,-202,-188,-205,-217,-207,-210,-205,-283,-259,-357,-348,-482,-479,-475,-466,-541,-531,-543,-528,-589,-587,-579,-557,-818,-817,-810,-804,-772,-761,-689,-675,-1175,-1114,-1118,-1139,-1340,-1179,-1154,-1152,-2337,-2325,-2109,-2054,-4133,-2626,-2141,-1913,-4606,-4553]} 1. d4 Nf6 2. c4 e6 3. Nc3 Bb4 4. Nf3 d5 5. cxd5 exd5 6. Qa4+ Nc6 7. Bg5 h6 8. Bxf6 Qxf6 9. e3 O-O 10. Be2 Be6 11. O-O a6 12. Rfc1 Bd6 13. Qd1 Ne7 14. Na4 {[%cal Bc3a4,Ba4b2,Bb2d3][%mdl 32] D38: Queen's Gambit Declined: Ragozin Defence (4 Nf3 Bb4)} b6 15. b4 a5 16. b5 {The position is equal.} g5 17. Nb2 Ng6 18. Nd3 {[#]} Rae8 $146 ({Predecessor:} 18... Rfe8 19. Rc3 h5 20. Rac1 Rad8 21. Nfe5 Nxe5 22. dxe5 Bxe5 23. Nxe5 Qxe5 {½-½ (33) Roiz,M (2668)-Tomashevsky,E (2710) Saratov 2011}) 19. Nfe1 h5 20. Bxh5 Kg7 21. h3 Rh8 22. Bg4 (22. Rc3 $11) 22... Bxg4 $15 23. hxg4 $4 {[%mdl 8192] [#]} (23. Qxg4 $15 Re4 24. Qd7) 23... Rxe3 $1 $19 {[%mdl 512]} 24. Rc6 {Now Rxd6 and White clings on.} (24. fxe3 Bh2+) 24... Bh2+ (24... Re4 $142 25. Qf3 Qe6) 25. Kf1 Bg3 $1 {[%cal Rh8h1]} 26. Kg1 Bh2+ (26... Qxd4 $19 27. Nc2 Bh2+ 28. Kh1 Qxd3 29. Nxe3 Qe4 30. Nf5+ Kf8) 27. Kf1 $15 Bg3 $2 $40 {[%mdl 128] Black has some attack.} (27... Be5 $15 28. g3 Bd6) 28. Kg1 $19 Qxd4 29. Nc2 Bh2+ (29... Qxd3 30. fxe3 Qe4 31. Qd4+ Ne5 32. Qxe4 $15) 30. Kh1 Bf4+ 31. Kg1 Bh2+ 32. Kh1 Bf4+ 33. Kg1 Qxd3 34. Nxe3 Bh2+ 35. Kh1 Be5+ ({Don't do} 35... Qxb5 36. Nf5+ Kg8 37. Rac1 $15) (35... Qe4 $1 $19 36. Nf5+ Kf8) 36. Kg1 $15 Bh2+ (36... Qxb5 $15 37. Nf5+ Kg8) 37. Kh1 $17 Qxb5 (37... Qe4 $1 $17 38. Nf5+ Kf8) 38. Rac1 $2 (38. Nf5+ $15 Kg8 39. Rac1) 38... Bg3+ 39. Kg1 Bh2+ 40. Kh1 Ne7 41. g3 Nxc6 (41... Bxg3+ $142 42. Kg2 Qb2 43. Kxg3 Qe5+ 44. Kf3 Rh2) 42. Nf5+ $19 {[#]} Kf8 $1 {...Bxg3+ is the strong threat.} 43. Kg2 {[#]} Bxg3 $1 44. Nxg3 {[#]} (44. fxg3 d4) 44... Rh6 $1 45. Nf5 Re6 46. Qf3 Qb2 {[%mdl 64] Double Attack} 47. Rh1 Ne7 48. Qg3 Nxf5 {Black is clearly winning.} 49. gxf5 {[%mdl 4096] Endgame KQR-KQR} Re2 50. Qf3 {aiming for f6.} Qe5 51. f6 {[%cal Rh1h8]} Ke8 52. Rh8+ Kd7 53. Rf8 Qe6 54. Qh5 Qe4+ 55. Qf3 Qxf3+ 56. Kxf3 Rxa2 57. Rxf7+ {KR-KR} Ke6 58. Rxc7 {Strongly threatening f7.} Kxf6 59. Rc6+ Kf5 60. Rxb6 Ra3+ 61. Ke2 a4 {[%cal Ba5a4,Ba4a3][%mdl 32]} 62. Rd6 Ke4 63. Re6+ Kd4 64. Rg6 Ra2+ 65. Kf3 a3 66. Rxg5 Rc2 {Accuracy: White = 40%, Black = 57%.} 0-1

[Event "World Team-ch Open 2019"]
[Site "Astana"]
[Date "2019.03.08"]
[Round "4.7"]
[White "Sethuraman, S.P."]
[Black "Wei, Yi"]
[Result "1/2-1/2"]
[WhiteElo "2637"]
[BlackElo "2733"]
[Annotator "TA"]
[PlyCount "49"]
[EventDate "2019.02.05"]
[EventType "team-tourn"]
[EventCountry "KAZ"]
[SourceTitle "playchess.com"]
[Source "ChessBase"]
[SourceQuality "1"]
[WhiteTeam "India"]
[BlackTeam "China"]
[WhiteTeamCountry "IND"]
[BlackTeamCountry "CHN"]

{[%evp 19,49,2,7,28,17,0,0,0,12,12,13,13,11,12,15,14,22,10,8,22,16,10,13,12,13,13,6,0,14,0,14,0]} 1. e4 e5 2. Nf3 Nf6 3. Nxe5 d6 4. Nf3 Nxe4 5. Nc3 Nxc3 6. dxc3 Be7 7. Be3 O-O 8. Qd2 Nd7 9. O-O-O c6 10. Bd3 d5 11. h4 {C42: Petroff Defence: 3 Nxe5 and unusual White 3rd moves} Nc5 12. Ng5 {The position is equal.} h6 13. Kb1 $146 ({Predecessor:} 13. Bh7+ Kh8 14. Bd3 {½-½ (16) Kryvoruchko,Y (2711)-Banusz,T (2612) Linares 2018}) 13... Nxd3 (13... hxg5 14. hxg5 Nxd3 15. Qxd3 $17) 14. Qxd3 {[%csl Gg5][%cal Rd3h7]} hxg5 15. hxg5 {[%csl Gh1][%cal Rd3h7]} f5 (15... g6 $2 16. Bd4 $18) 16. g6 $1 {Threatening mate with Qe2.} (16. gxf6 Rxf6 17. g4 Kf7 $17) 16... Qe8 $1 {[%cal Re8g6] [#]} 17. Bc5 $1 {[%mdl 512] Intending Rh8+! and mate.} f4 ({Inferior is} 17... Bxc5 18. Rh8+ $1 {[%mdl 512]} Kxh8 19. Qh3+ Kg8 20. Qh7#) 18. Rde1 Bf5 ({Of course not} 18... Bxc5 $6 19. Rxe8 Rxe8 20. Qf3 $16) 19. Qd1 {White wants to mate with Rh8+!} Qxg6 ({Worse is} 19... Be4 {[#]} 20. Rh8+ $1 {[%mdl 512]} Kxh8 21. Qh5+ Kg8 22. Qh7#) 20. Rxe7 b6 21. Bd4 Rf7 22. Ree1 Rff8 23. Re7 {White threatens Qh5 and mate.} Rf7 24. Ree1 Rff8 25. Re7 {Accuracy: White = 51%, Black = 84%.} 1/2-1/2

[Event "World Team-ch Open 2019"]
[Site "Astana"]
[Date "2019.03.08"]
[Round "4.8"]
[White "Bu, Xiangzhi"]
[Black "Aravindh, Chithambaram VR."]
[Result "1-0"]
[WhiteElo "2731"]
[BlackElo "2599"]
[Annotator "TA"]
[PlyCount "127"]
[EventDate "2019.02.05"]
[EventType "team-tourn"]
[EventCountry "KAZ"]
[SourceTitle "playchess.com"]
[Source "ChessBase"]
[SourceQuality "1"]
[WhiteTeam "China"]
[BlackTeam "India"]
[WhiteTeamCountry "CHN"]
[BlackTeamCountry "IND"]

{[%evp 14,127,50,22,18,15,1,-6,-16,-19,-8,-7,-7,0,0,-2,0,-12,0,-12,0,0,0,0,0,5,13,0,22,16,12,8,54,50,50,37,25,41,63,57,81,68,53,56,47,68,56,44,44,54,45,43,34,58,48,25,50,10,47,16,53,56,53,57,47,25,125,126,108,133,118,115,120,131,132,114,144,97,95,99,192,222,204,185,171,171,173,174,165,190,421,416,416,416,416,406,506,493,402,324,2333,1959,1383,568,527,527,29977,29977,29977,29978,29984,29985,29987,29986,29988,29982]} 1. c4 Nf6 2. Nc3 g6 3. g3 Bg7 4. Bg2 O-O 5. d4 d6 6. Nf3 c6 7. O-O Bf5 8. Ne1 d5 {E62: King's Indian: Fianchetto: 6...c6 and Panno Variation (6...Nc6) without ...a6} 9. Nc2 $146 ({Predecessor:} 9. Qb3 Qd7 10. cxd5 cxd5 11. Nxd5 Nxd5 12. Qxd5 Qxd5 13. Bxd5 Nc6 14. Bxc6 bxc6 15. Be3 Rfb8 16. b3 {0-1 (39) Drygalov,S (2446)-Zvjaginsev,V (2642) St Petersburg 2018}) 9... Qd7 10. Ne3 Be6 {The position is equal.} 11. b3 Bh3 12. Bxh3 Qxh3 13. Ba3 Qd7 14. Qd3 Rd8 15. Rad1 Na6 16. Nc2 Nc7 17. e4 dxe4 18. Nxe4 Nxe4 19. Qxe4 Re8 20. Rd3 Rad8 21. Rfd1 $1 Qc8 22. Ne1 Qf5 23. Qxf5 gxf5 24. d5 cxd5 25. cxd5 Nb5 26. Bb4 Bf6 27. a4 Nd6 28. Ng2 Kg7 29. Rf3 Kg6 30. h4 Ne4 31. g4 {[%mdl 64] Decoy} fxg4 32. Rf4 {[%mdl 64] Double Attack} Nd6 33. Rxg4+ Kh5 $1 {[%cal Rh5g4]} 34. f3 {With the idea Bd2.} Rg8 $1 35. Nf4+ Kh6 36. Bd2 (36. Kg2 $5) 36... Bd4+ 37. Kg2 Rxg4+ 38. fxg4 Kg7 39. Nh5+ Kg6 (39... Kg8 $1 $11) 40. Bg5 $1 $16 f6 41. Nf4+ Kf7 42. Ne6 Rc8 43. Rxd4 {Black must now prevent Bf4.} fxg5 44. Nxg5+ {[%mdl 4096] Endgame KRN-KRN} Kg6 45. Rd3 h5 46. Kg3 b5 (46... Rc1 $16) 47. Re3 $1 $18 {[%cal Re3e6]} bxa4 48. Rxe7 axb3 {And now ...b2 would win.} 49. Re6+ {[%mdl 64] Double Attack} Kg7 50. Rxd6 {KRN-KR} Rb8 {Strongly threatening ...b2.} 51. Rd7+ ({Stronger than} 51. gxh5 b2 $11) 51... Kg6 $2 {[#]} (51... Kg8 {was called for.} 52. Ne4 b2) 52. gxh5+ $1 Kxh5 {[#]} 53. Kf4 $1 {Intending Rh7+ and mate.} Kg6 54. Nf3 Kf6 55. Rd6+ Ke7 56. Re6+ Kd7 $2 (56... Kd8 57. Nd2 b2) 57. Ne5+ Kc7 58. Rc6+ Kd8 {...b2 is the strong threat.} 59. Rc1 {Nc6+ would kill now.} Rb6 {[#]} 60. d6 $1 {White mates.} b2 (60... Rxd6 61. Nf7+) 61. Rb1 Ke8 62. d7+ Ke7 63. h5 a5 64. h6 {Accuracy: White = 73%, Black = 49%.} 1-0

[Event "World Team-ch Open 2019"]
[Site "Astana"]
[Date "2019.03.08"]
[Round "4.9"]
[White "Swiercz, Dariusz"]
[Black "Jumabayev, Rinat"]
[Result "1/2-1/2"]
[WhiteElo "2655"]
[BlackElo "2609"]
[Annotator "TA"]
[PlyCount "109"]
[EventDate "2019.02.05"]
[EventType "team-tourn"]
[EventCountry "KAZ"]
[SourceTitle "playchess.com"]
[Source "ChessBase"]
[SourceQuality "1"]
[WhiteTeam "United States"]
[BlackTeam "Kazakhstan"]
[WhiteTeamCountry "USA"]
[BlackTeamCountry "KAZ"]

{[%evp 13,109,17,17,23,18,17,27,18,26,13,28,21,22,21,25,12,9,0,0,-4,0,0,7,0,4,0,0,0,0,0,0,0,0,0,48,35,42,18,22,35,89,0,0,0,0,0,0,0,0,0,4,4,39,39,39,0,0,0,40,40,40,0,0,0,0,0,0,0,4,0,4,4,4,0,0,0,0,0,0,0,0,0,0,0,4,0,0,0,45,0,0,0,0,0,0,0,0,0]} 1. e4 e5 2. Nf3 Nc6 3. Bc4 Bc5 4. O-O Nf6 5. d3 a6 6. c3 d6 7. a4 O-O 8. Re1 {C54: Giuoco Piano: 4 c3 Nf6, main lines with 5 d4 and 5 d3} h6 9. h3 Re8 10. Nbd2 {[%cal Bb1d2,Bd2f1,Bf1g3,Bg3f5][%mdl 32] White has an edge.} Be6 11. Bxe6 Rxe6 12. b4 Ba7 13. Qc2 Qd7 14. Nf1 d5 15. Ng3 Rd8 {[#]} 16. Bb2 $146 ({Predecessor:} 16. exd5 Qxd5 {½-½ (63) Carlsen,M (2834)-Kramnik,V (2787) Wijk aan Zee 2018}) 16... b5 17. Qb3 dxe4 18. dxe4 Rd6 {aiming for ...Rd3.} 19. axb5 axb5 20. Nf5 Rd3 {Hoping for ...Bxf2+!} 21. Rxa7 Rxf3 22. gxf3 Nxa7 23. c4 $1 Qd2 24. Qc3 bxc4 25. Qxd2 Rxd2 26. Bxe5 Nc6 {[#]} (26... Nh5 $14) 27. Bxf6 (27. Nxh6+ $1 $16 {[%mdl 512]} gxh6 28. Bxf6) 27... gxf6 $16 {[%mdl 4096] Endgame KRN-KRN} 28. Rc1 Nd4 $1 {[%cal Rd4e2]} 29. Rxc4 {[%mdl 64] Double Attack} Nxf5 30. exf5 $11 {KR-KR} Rb2 31. Kg2 Kf8 32. Kg3 Rb3 33. Kg4 Kg7 34. Kf4 Kf8 35. Kg3 Kg7 36. Kg4 Kf8 37. Kf4 Ke8 38. Re4+ Kf8 39. Rc4 Ke8 40. Re4+ Kf8 41. Rd4 Ke7 42. Kg4 Kf8 43. Kg3 Rc3 44. Rd8+ Kg7 45. Rd5 Rc4 46. Rb5 Kf8 47. Rb8+ Kg7 48. b5 Kh7 49. Rb7 {Black must now prevent b6.} Kg7 50. f4 Rc3+ 51. Kg2 h5 {The position is equal.} 52. h4 Kf8 53. b6 cxb6 54. Rxb6 Kg7 55. Ra6 {Accuracy: White = 80%, Black = 78%.} 1/2-1/2

[Event "World Team-ch Open 2019"]
[Site "Astana"]
[Date "2019.03.08"]
[Round "4.10"]
[White "Ismagambetov, Anuar"]
[Black "Sevian, Samuel"]
[Result "1/2-1/2"]
[WhiteElo "2545"]
[BlackElo "2642"]
[Annotator "TA"]
[PlyCount "90"]
[EventDate "2019.02.05"]
[EventType "team-tourn"]
[EventCountry "KAZ"]
[SourceTitle "playchess.com"]
[Source "ChessBase"]
[SourceQuality "1"]
[WhiteTeam "Kazakhstan"]
[BlackTeam "United States"]
[WhiteTeamCountry "KAZ"]
[BlackTeamCountry "USA"]

{[%evp 12,90,14,-3,11,0,0,-8,-5,-9,-4,-8,-10,-13,-8,-14,-14,-11,-27,-26,-29,-25,0,0,0,0,0,0,0,-23,0,0,0,-56,0,-8,0,-68,-40,-54,-56,-81,0,0,0,0,0,-7,-6,-65,-63,-64,-43,-202,-35,-50,-17,-21,-9,-129,-128,-125,-130,-126,-15,-15,-8,-9,0,0,8,8,8,14,14,14,14,14,14,14,21]} 1. e4 e5 2. Nf3 Nc6 3. Bb5 Nf6 4. d3 Bc5 5. c3 d6 6. O-O O-O 7. Nbd2 Ne7 {C65: Ruy Lopez: Berlin Defence (3...Nf6), unusual lines and 4 0-0 Bc5} (7... a6 8. Bxc6 bxc6 9. d4 exd4 10. cxd4 Bb6 11. Qc2 Re8 12. Re1 c5 13. d5 Bg4 14. b3 Ba5 15. Re3 {½-½ (37) Vitiugov,N (2730)-Jakovenko,D (2748) Satka 2018}) 8. d4 exd4 9. cxd4 Bb6 10. Re1 Bg4 11. h3 Bh5 12. a4 a6 13. Bf1 Nc6 14. a5 Bxf3 15. Nxf3 Bxa5 {[#]} 16. Re2 $146 d5 17. Bg5 {e5 is the strong threat.} dxe4 {[#]} 18. Rxe4 $1 {[%mdl 512]} Bb6 (18... Nxe4 19. Bxd8) 19. Rh4 $1 Qd6 20. Bd3 Rfe8 21. Bf4 Qd5 22. Bg5 (22. Ra4 $11) 22... Qd6 23. Bf4 Qd5 (23... Qe7 $11) 24. Bg5 $15 {Hoping for Bxf6.} Ne4 $1 {[%cal Re4g5]} 25. Be3 Nb4 26. Bf1 {White wants to play Ne5.} c6 (26... Nd6 $17) 27. Ne5 $1 $11 Rxe5 $1 28. dxe5 Bxe3 29. fxe3 {Threatens to win with Qh5.} Qxe5 {Threatening ...g5.} 30. Qb3 ({Better is} 30. Bc4 $11) 30... g5 $15 31. Qxb4 gxh4 32. Bd3 $2 (32. Qxb7 $15 Rb8 33. Qxa6) 32... Ng3 $2 (32... Nc5 $19 33. Qg4+ Kh8) 33. Re1 $1 Qf6 {Strongly threatening ...Rd8.} 34. Qxb7 Rd8 35. Qxa6 (35. Bxa6 $11 {keeps the balance.} Rd2 36. Qc8+ Kg7 37. Qg4+ Qg6 38. b3) 35... Qxb2 $17 36. Qc4 {aiming for Bxh7+!} Qd2 {[%mdl 64] Double Attack} 37. Bxh7+ {[#]} Kh8 (37... Kg7 $1 $17 38. Qg4+ Kh8) 38. Rb1 $11 {The position is equal.} Qxe3+ 39. Kh2 Qf2 40. Bc2 Ne2 $132 {[%mdl 2048] [#] Black is not holding back} 41. Rf1 $1 {[%mdl 576] Deflection} Qxf1 {[%csl Ge2][%cal Rf1g1]} 42. Qxh4+ {[%mdl 64] Double Attack} Kg7 {[%csl Ge2][%cal Rf1g1]} 43. Qg5+ Kf8 $1 {[%csl Ge2][%cal Rf1g1]} 44. Qxd8+ Kg7 {[%csl Ge2][%cal Rf1g1]} 45. Qg5+ Kf8 {Accuracy: White = 53%, Black = 53%.} 1/2-1/2

[Event "World Team-ch Open 2019"]
[Site "Astana"]
[Date "2019.03.08"]
[Round "4.11"]
[White "Lenderman, Aleksandr"]
[Black "Kazhgaleyev, Murtas"]
[Result "1-0"]
[WhiteElo "2637"]
[BlackElo "2587"]
[Annotator "TA"]
[PlyCount "179"]
[EventDate "2019.02.05"]
[EventType "team-tourn"]
[EventCountry "KAZ"]
[SourceTitle "playchess.com"]
[Source "ChessBase"]
[SourceQuality "1"]
[WhiteTeam "United States"]
[BlackTeam "Kazakhstan"]
[WhiteTeamCountry "USA"]
[BlackTeamCountry "KAZ"]

{[%evp 22,179,24,21,46,35,48,59,94,67,78,75,84,90,88,71,72,60,47,44,85,67,80,25,20,27,35,26,48,39,41,35,38,41,45,30,30,30,25,21,35,21,120,120,123,116,116,122,119,117,117,118,118,122,119,125,166,166,164,174,163,160,152,74,86,93,93,83,93,93,93,93,177,110,176,176,176,176,162,43,44,44,86,100,212,212,212,212,284,275,270,284,364,363,361,361,447,447,410,445,409,350,435,428,420,406,417,417,417,416,408,390,366,297,297,297,488,481,481,410,1036,1018,836,665,1060,1015,846,694,1447,1447,1447,1447,29963,29967,29962,640,29961,29962,29962,29964,29972,29973,29973,29974,29974,29974,29974,29975,29974,29975,29975,29976,29976,29977,29976,29977,29975,29971,29991,29990]} 1. d4 d6 2. Nf3 g6 3. c4 Bg7 4. e4 Bg4 5. Be2 Bxf3 6. Bxf3 Nc6 7. Be3 e5 8. d5 Nd4 9. Bxd4 exd4 10. O-O {A41: 1 d4 d6: Tartakower System and Modern Defence} Ne7 11. Nd2 {[%cal Bb1d2,Bd2f3,Bf3d4,Bd4e6][%mdl 32]} (11. Na3 c5 12. Nc2 O-O 13. Ne1 a6 14. Be2 Rb8 15. a4 Nc8 16. a5 Re8 17. Qc2 Qe7 {1-0 (54) Van Wely,L (2695)-Degraeve,J (2591) chess.com INT 2017}) 11... O-O 12. Rb1 {LiveBook: 4 Games. White has an edge.} c5 13. Be2 $146 ({Predecessor:} 13. b4 cxb4 14. Rxb4 Qc7 15. Qb3 b6 16. Qd3 g5 17. Bh5 Ng6 18. Bxg6 hxg6 {½-½ (60) Deglmann,L (2402)-Medvegy,Z (2522) Austria 2011}) 13... f5 14. Bd3 f4 15. Nf3 Nc8 16. Re1 Qe7 17. b4 cxb4 18. e5 dxe5 {[#]} 19. Nxd4 $1 {[%mdl 512]} Nb6 (19... exd4 20. Rxe7) 20. Ne6 {aiming for Qb3.} Rfc8 21. Qb3 {Threatens to win with c5.} Nd7 $1 22. Qxb4 (22. Be4 $16) 22... Qxb4 $11 23. Rxb4 b6 24. Rb5 a6 25. Rb3 Bf8 26. g3 $36 {[%mdl 2048] White is pushing.} Bd6 27. Kg2 Rab8 28. Kf3 fxg3 29. fxg3 Nf6 30. Ng5 Rf8 31. Kg2 Rfe8 (31... Nd7 $11 {remains equal.}) 32. Rf1 $16 Kg7 33. Be4 Re7 34. Bc2 e4 35. Ne6+ Rxe6 36. dxe6 {Re1 is the strong threat.} Bc5 37. g4 {Hoping for g5.} h6 38. h4 {Black must now prevent g5.} Rd8 {And now ...Rd2+ would win.} 39. Rd1 Rxd1 40. Bxd1 $18 {[%mdl 4096] Endgame KRB-KBN} g5 41. hxg5 hxg5 42. Be2 (42. Rh3 $142) 42... Kf8 {[#]} 43. Rb1 $1 Ke7 44. Rf1 Kxe6 45. Rf5 Be3 46. c5 b5 (46... bxc5 $16 {might work better.} 47. Bc4+ (47. Bxa6 Nxg4 48. Bc8+ Kd6 $16) 47... Ke7) 47. c6 (47. Bd1 $18) 47... Bf4 (47... Ne8 $16 48. Bd1 Kd6) 48. Bd1 Ne8 49. Bc2 e3 {[#]} 50. Kf3 ({White should play} 50. Rf8 $1 $18 {[%cal Rf8e8]} Ke7 51. Rg8) 50... Kd6 $1 $14 51. Be4 Nc7 52. Ke2 Ne6 (52... Ke6 $16 53. Kd3 Kd6) 53. Rd5+ $18 Ke7 54. Rd7+ Kf6 55. Bc2 Nc7 56. Bb3 a5 57. Rf7+ Kg6 {and if ...a4 works, Black does fine.} 58. Rf5 a4 59. Bc2 Kg7 60. Bd3 Ne6 {With the idea ...Nd4+.} 61. Rd5 b4 62. Bc4 Nc7 63. Ra5 b3 64. axb3 axb3 65. Bxb3 Kf6 66. Bd5 Ke7 67. Bf3 Kd6 68. Kd3 Ke6 $2 (68... Ne6 69. Rd5+ Kc7 70. Rd7+ Kb6) 69. Kc4 Kd6 70. Ra3 Ke6 (70... Ne6 $142 71. Rd3+ Ke5 72. Rd5+ Kf6) 71. Rd3 Kf6 72. Rd1 Ke5 73. Rd7 Kf6 74. Kc5 Ne6+ 75. Kb6 Be5 76. c7 Bxc7+ 77. Rxc7 Nd4 78. Rc5 (78. Rc8 $142 Nxf3 79. Rf8+ Ke5 80. Rxf3 Kd4 81. Rf1 Kd5 82. Kc7 Ke4 83. Kd6) 78... e2 {[#]} 79. Bxe2 $1 {White mates.} Nxe2 {KR-KN} 80. Rf5+ Kg6 81. Kc5 Nf4 82. Kd4 Ng2 83. Ke4 Nh4 84. Rf2 Kg7 85. Ke5 Kg6 86. Ke6 Kg7 87. Rf7+ Kg6 88. Rf8 Kg7 89. Ra8 Kh6 90. Kf6 {Precision: White = 82%, Black = 42%.} 1-0

[Event "World Team-ch Open 2019"]
[Site "Astana"]
[Date "2019.03.08"]
[Round "4.12"]
[White "Makhnev, Denis"]
[Black "Izoria, Zviad"]
[Result "1-0"]
[WhiteElo "2476"]
[BlackElo "2603"]
[Annotator "TA"]
[PlyCount "69"]
[EventDate "2019.02.05"]
[EventType "team-tourn"]
[EventCountry "KAZ"]
[SourceTitle "playchess.com"]
[Source "ChessBase"]
[SourceQuality "1"]
[WhiteTeam "Kazakhstan"]
[BlackTeam "United States"]
[WhiteTeamCountry "KAZ"]
[BlackTeamCountry "USA"]

{[%evp 10,69,24,31,41,43,42,49,57,65,55,55,63,51,64,19,29,34,35,44,107,41,56,53,78,0,70,77,75,63,63,57,77,73,159,150,160,172,165,166,166,138,122,83,560,556,605,605,605,600,591,591,760,766,747,744,2131,2077,1927,1668,1319,1301]} 1. d4 Nf6 2. c4 e6 3. g3 c5 4. d5 exd5 5. cxd5 d6 6. Nc3 Be7 {A60: Modern Benoni: Early Divergences} (6... g6 7. Nf3 Bg7 8. Bg2 O-O 9. O-O Re8 10. Re1 a6 11. a4 b6 12. h3 Nbd7 13. e4 Qc7 14. Bd2 h6 15. Rb1 Rb8 16. Bf1 g5 17. Qc2 Nf8 18. b4 Ng6 19. b5 a5 {0-1 (49) Ni,H (2683)-Maghsoodloo,P (2688) Makati 2018}) 7. Bg2 O-O 8. Nf3 Re8 {White is slightly better.} 9. O-O Bf8 10. Nd2 Na6 11. Re1 Rb8 12. a4 Nb4 13. Nc4 b6 14. e4 Ba6 $146 {[#]} (14... a6 $14) 15. b3 ({Better is} 15. Nb5 $1 $16) 15... Bxc4 $14 16. bxc4 Nd7 17. Bb2 (17. Ra3 $16) 17... g6 ({Black should play} 17... Ne5 $11) 18. f4 Bg7 19. Qd2 Bd4+ 20. Kh1 Qf6 21. Bh3 Rbd8 {[#]} (21... Nf8 $142) 22. e5 $1 $36 {[%mdl 2560] Keeping Black busy.} dxe5 23. Ne4 Qg7 {aiming for ...Bxb2.} 24. Bxd4 exd4 25. Bxd7 $1 Rxd7 {[#]} 26. Nxc5 $1 {[%mdl 512]} Rxe1+ $4 {[%mdl 8192]} (26... Rde7 $16 {is tougher.} 27. Rxe7 (27. Qxb4 bxc5 28. Rxe7 Rxe7 $16) 27... Rxe7) (26... bxc5 27. Rxe8+) 27. Rxe1 $18 {Re8+ is the strong threat.White is clearly winning.} bxc5 28. Re8+ Qf8 29. Rxf8+ Kxf8 {[%mdl 4096] Endgame [#] KQ-KRN} 30. f5 $1 {[%mdl 512]} Kg7 {[#]} (30... gxf5 31. Qh6+) 31. f6+ $1 {[%mdl 576] Decoy} Kxf6 32. Qf4+ Ke7 33. Qe5+ Kd8 34. d6 {[%cal Re5h8]} Rb7 35. Qe4 {Accuracy: White = 72%, Black = 29%.} 1-0